Makrolidy v liečbe cystickej fibrózy I. Vplyv makrolidov na Pseudomonas aeruginosa, jej virulenciu a biofilm

Bibliographic Details
Main Authors: Schréter, Ivan, 1949- (Author), Jarčuška, Pavol, 1963- (Author), Novotný, Rudolf, 1953- (Author), Jarčuška, Peter, 1963- (Author)
Format: Article
Language:Slovak
ISSN:1335-0579
Subjects:

MARC

LEADER 00000nab a2200000 a 4500
001 vtls000871168
003 SK-MaSNL
005 20260304215007.0
008 250429c2004 xo 0 slo
015 |a SNBRB2004/05-14446 
035 |a CLN000222720 
035 |a urn:nbn:sk:snk-ab2evi 
035 |a (urnnbn)urn:nbn:sk:snk:ar-a02bi5 
035 |a (uuid)9b368462-64f0-4919-b47e-7a9968dae1ac 
040 |a SNKBUCL  |b slo  |c SNKBUCL  |e AACR2 
041 0 |a slo 
044 |a xo  |c SK 
080 |a 616.24-002.155-06:615.33  |2 1997 
245 0 0 |a Makrolidy v liečbe cystickej fibrózy I. Vplyv makrolidov na Pseudomonas aeruginosa, jej virulenciu a biofilm  |c Pavol Jarčuška ... [et al.] 
504 |a Bibliogr. odkazy 
650 0 7 |a makrolidové antibiotiká  |2 MESH  |9 16593 
650 0 7 |a komplikácie  |2 SNKPH  |9 856653 
650 0 7 |a Pseudomonas aeruginosa  |x účinky liekov  |2 MESH  |9 1549290 
650 0 7 |a biofilmy  |2 MESH  |9 20946 
650 0 7 |a cystická fibróza  |2 SNKPH  |9 29100 
650 0 7 |a mikrobiológia  |2 SNKPH  |9 3580 
650 0 7 |a terapia  |2 SNKPH  |9 781 
655 7 |a články z novín a časopisov  |2 SNK  |9 267496 
700 1 |a Schréter, Ivan,  |d 1949-  |4 aut  |9 199518 
700 1 |a Jarčuška, Pavol,  |d 1963-  |4 aut  |9 209678 
700 1 |a Novotný, Rudolf,  |d 1953-  |4 aut  |9 200447 
700 1 |a Jarčuška, Peter,  |d 1963-  |4 aut  |9 209679 
773 0 |t Acta chemotherapeutica  |g Roč. 13, č. 1 (2004), s. 31-35  |x 1335-0579 
850 |a Slovenská národná knižnica 
852 |a Slovenská národná knižnica 
954 |a odborná, vedecká literatúra pôvodná (slovenská)  |2 lita 
958 |a article27 
958 |a MI 
958 |a NB 
958 |a OND 
958 |a EUIPO 
992 |a RBX 
999 |c 3144164  |d 3146094